000 01260nam a2200325 c 4500
999 _c71396
_d71396
003 BLK
005 20190709115400.0
008 180408b bul|||||r ||||||| ||bul||
010 _aKNG00075765000
020 _a978-954-761-372-0
040 _aBLK
041 _aBUL
_cBUL
072 7 _2bullib
_aН85
_xДетска художествена литература Н
080 _aЛитература на отделни езици и езикови семейства
_b821
_x-93-34
_z821-93-34
139 _aДжак и бобовото стъбло
_bД 49
245 1 0 _aДжак и бобовото стъбло
_cпрев. от англ. Станислава Горанова Първанова.
257 _aSB
260 _bИнфоДар
_c2009
_fОтпеч. в Китай
300 _a16 с.
_bс цв. ил.
_c20 см
380 _aDX
490 1 _aКласически приказки
500 _aКор. опис.
659 _aН
700 1 _aПърванова, Станислава Горанова
_eпрев. от англ.
_9295398
852 _aЦб 253131
856 4 _qpdf
856 4 _qpdf
942 _cKNG
_n0
944 _aCR
_c06.10.2011
_kГеновева_Генчева
944 _aED
_c05.03.2012
999 _d71396